Japan in the WWII 1937-1945 - Statistics

General Stats
  • This quiz has been taken 10 times
  • The average score is 15 of 20
Answer Stats
Year Event Answer % Correct
1945 Name a city struck by an atomic bomb Hiroshima | Nagasaki
100%
1941 Attack on this US naval base marked the beginning of the Pacific War Pearl Harbor
100%
1942 Turning point of the Pacific theater Battle of {Midway}
89%
1945 US general that oversaw the demilitarization of Japan Douglas MacArthur
89%
1942 Crucial battle site in the Solomon Islands Guadalcanal
89%
- Emperor of Japan during the war Hirohito
89%
1945 Pacific island where six marines were photographed raising an American flag Iwo Jima
89%
- Term for suicide bombers meaning "Divine Wind" Kamikaze
89%
1945 Name one of the atomic bombs used Little Boy | Fat Man
89%
1937 The infamous massacre Nanjing
89%
- Term for sex slaves of the Imperial Japanese Army Comfort women
78%
- Film about British POWs building a bridge The Bridge on the River {Kwai}
78%
1941 Chief architect of the attack Isoroku Yamamoto
67%
1941 Southeast Asian country that collaborated with Japan Thailand
67%
1943 Chinese Expedition Force, allied with the UK and the US, fought Japan in this country on China's southwestern border Burma
56%
1937 Place in Beijing where the full-scale invasion of China broke out {Marco} {Polo} Bridge
56%
- Biowarfare unit notorious for extreme human experiments Unit 731
56%
1942 Type of atrocities committed against POWs in Bataan and Sandakan Death march
44%
1942 City where the Sook Ching massacre killed thousands of ethnic Chinese Singapore
33%
1940 Pact that Japan joined (Hint: Starts with T) {Tripartite} Pact
33%
No matching quizzes found
Score Distribution
Percent of People with Each Score
Percentile by Number Answered
Your Score History
You have not taken this quiz